| 000 | 00389nam a2200133 i 4500 | ||
|---|---|---|---|
| 001 | 152629 | ||
| 003 | ES-MaACL | ||
| 005 | 20230906204825.0 | ||
| 008 | 201103s1881 cl | |||||||| ||spa d | ||
| 100 | 1 |
_aAltamirano, E. _9170656 |
|
| 245 | 1 | 0 |
_aMemoria del comandante jeneral (sic) de marina... / _c[E. Altamirano]. |
| 260 |
_aValparaiso : _b[s.n.], _c1881. |
||
| 852 |
_aES-MaACL _jT-388-F-13 |
||
| 999 |
_c152629 _d152629 |
||